00587nam a22001817a 450000500170000001000150001702000250003203500140005703700090007108200200008010000280010024500790012826000450020727000490025230000240030150000530032570000270037820250120143854.0 aENG-143458 c795.00a978818483004 aEN-126990 bDBAD a338.476 870 954 aKular , Dr Simran kaur  aEmpirical intra-industry trade analyis of india /cKular , Dr Simran kaur  bArun Publishing house c2021aChandigarh aSCO 49-51, sector 17 c, bChandigarhe160017 a115 p.c24 cm (pbk) aEmpirical intra-industry trade analyis of india  a Dr Simran kaur Kular